Chris Hansen Filmography - Statistics

General Stats
  • This quiz has been taken 10 times
    3 since last reset
  • The average score is 2 of 20
Answer Stats
Type Year Name % Correct
Documentary Series 2004-2007 To Catch a Predator
100%
Documentary Series 2016 Hansen vs. Predator
67%
Documentary Series 1997-2013 Dateline NBC
33%
Web Series 2022-Present Takedown with Chris Hansen
33%
TV Show 2006 30 Rock
0%
TV Show 2016 Black-ish
0%
Documentary Series 2019 Chris Hansen Live
0%
Documentary Series 2016-2018 Crime Watch Daily
0%
Short TV Documentary 2001 Dateline NBC: The Mole
0%
TV Show 2015 Fameless
0%
Documentary 2021 Have a Seat with Chris Hansen: The Troubling Story of Danielle Cohn
0%
Documentary Series 2016-2017 Killer Instinct with Chris Hansen
0%
Documentary Series 2021 Onision: In Real Life
0%
Documentary 2025 Predators
0%
Podcast 2020-Present Predators I've Caught with Chris Hansen
0%
Web Series 2020 The Boys
0%
TV Show 2010 The Simpsons
0%
TV Show 1995 Touched by an Angel
0%
Web Series 2020 Yo Mama
0%
Short Film 2023 Zamani
0%
No matching quizzes found
Score Distribution
Percent of People with Each Score
Percentile by Number Answered
Your Score History
You have not taken this quiz since the last reset